|
|
|
|
| LEADER |
00000cam a2200000 a 4500 |
| 001 |
89747 |
| 005 |
20230318063044.0 |
| 008 |
000000| ||||||||r|||||||||||spa|| |
| 040 |
|
|
|b spa
|
| 041 |
1 |
|
|a spa
|
| 082 |
0 |
|
|a 305.4
|
| 100 |
1 |
|
|a Guayasamín, Rocío
|9 57760
|
| 245 |
1 |
1 |
|a Directorio ecuatoriano de centros de mujeres
|c Rocío Guayasamín
|h imp
|
| 264 |
|
|
|a Quito
|b CEPAM
|c s.f.
|
| 300 |
|
|
|a 79 páginas:
|
| 650 |
|
7 |
|a Mujeres
|9 1160
|
| 650 |
|
|
|a Directorio ecuatoriano de centros de mujeres
|9 57761
|
| 852 |
|
|
|a UC-CDJBV
|c ESTANTERIA CERRADA
|f Compra
|k sara.alvarado
|l 1
|m General
|p 00000000
|r 1
|t 89747
|b 0
|d CDRC
|e CDRC
|g 305.4 ESTANTERIA CERRADA
|z 0000-00-00
|
| 942 |
|
|
|c BK
|
| 999 |
|
|
|c 33283
|d 33283
|